书目信息 |
| 题名: |
过敏性疾病
|
|
| 作者: | 乔秉善 编著 | |
| 分册: | ||
| 出版信息: | 北京 农村读物出版社 2000.03 |
|
| 页数: | 125页 | |
| 开本: | 32开 | |
| 丛书名: | ||
| 单 册: | ||
| 中图分类: | R593.1 | |
| 科图分类: | ||
| 主题词: | 全身性疾病 | |
| 电子资源: | ||
| ISBN: | 7-5048-3248-0 | |
| 000 | 00543nam0 2200193 45 | |
| 001 | 0011061668 | |
| 005 | 20001106162739.9 | |
| 010 | @a7-5048-3248-0@d6.10元 | |
| 100 | @a20001106d2000 km y0chiy0120 ea | |
| 101 | 0 | @achi |
| 105 | @a z 000yy | |
| 200 | 1 | @a过敏性疾病@AGuo Min Xing Ji Bing@f乔秉善编著@FQiao Bing Shan Bian Zhu |
| 210 | @a北京@c农村读物出版社@d2000.03 | |
| 215 | @a125页@d32开 | |
| 606 | 0 | @a全身性疾病 |
| 690 | @aR593.1@v3 | |
| 701 | 0 | @a乔秉善@4编著 |
| 801 | @aCN@bPftUser@c20001106 | |
| 905 | @b199455-457@dR593.1@eQ777@f3 | |
| 过敏性疾病/乔秉善编著.-北京:农村读物出版社,2000.03 |
| 125页;32开 |
| ISBN 7-5048-3248-0:6.10元 |
| ● |
| 相关链接 |
|
|
|
正题名:过敏性疾病
索取号:R593.1/Q777
 
预约/预借
| 序号 | 登录号 | 条形码 | 馆藏地/架位号 | 状态 | 备注 |
| 1 | 199455 | 201994556 | 自科库401/401自科库 19排2列2层/ [索取号:R593.1/Q777] | 在馆 | |
| 2 | 199456 | 201994565 | 自科库401/401自科库 19排2列2层/ [索取号:R593.1/Q777] | 在馆 | |
| 3 | 199457 | 201994574 | 自科库401/ [索取号:R593.1/Q777] | 在馆 |